[Event "Final Mistrzostw Polski Mlodzikow do lat 10 - Chlopcy"]
[Site "Szczyrk"]
[Date "1899-12-30"]
[Round "1.1"]
[White "Dunda, Szymon"]
[Black "Sowinski, Pawel"]
[Result "1/2-1/2"]
[WhiteTitle "II"]
[BlackTitle "I++"]
[WhiteElo "1137"]
[BlackElo "1824"]

1. e4 c5 2. Nf3 e6 3. d4 cxd4 4. Nxd4 Nc6 5. Nc3 Nf6 6. Be3 Bb4 7. f3 d5 8. Bd3
e5 9. Nxc6 bxc6 10. Bd2 O-O 11. O-O Rb8 12. Rb1 Be6 13. a3 Ba5 14. b4 Bb6+ 15.
Kh1 Bd4 16. Ne2 dxe4 17. fxe4 Qd7 18. Nxd4 Qxd4 19. Qe1 Qd6 20. Rxf6 gxf6 21.
Bh6 Kh8 22. Bxf8 Qxf8 23. Qf2 Qe7 24. Rf1 Rd8 25. Qxf6+ Qxf6 26. Rxf6 Rd4 27.
h3 Kg7 28. Rf1 Bc4 29. Rd1 Bxd3 30. cxd3 f5 31. exf5 e4 32. Kg1 exd3 33. Kf2 Rf4+
34. Ke3 Rxf5 35. Rxd3 Rg5 36. Rd7+ Kh6 37. Rxa7 Rxg2 38. Ra6 Kh5 39. Rxc6 Rg3+
40. Kd4 Rxa3 41. b5 Rxh3 42. b6 Rb3 43. Kc4 Rb1 44. Rc5+ Kg4 45. Rb5 Rc1+ 46.
Kd5 Rc8 47. b7 Rb8 48. Kc6 h5 49. Kc7 Rxb7+ 50. Rxb7 h4 51. Kd6 h3 52. Rh7 Kg3
53. Rxh3+ Kxh3 1/2-1/2

[Event "Final Mistrzostw Polski Mlodzikow do lat 10 - Chlopcy"]
[Site "Szczyrk"]
[Date "1899-12-30"]
[Round "1.2"]
[White "Karaszewski, Gabriel"]
[Black "Majcher, Igor"]
[Result "1-0"]
[WhiteTitle "II"]
[BlackTitle "II"]
[WhiteElo "1614"]
[BlackElo "1129"]

1. e4 c5 2. Nf3 d6 3. d4 cxd4 4. Nxd4 Nf6 5. f3 e5 6. Bb5+ Bd7 7. Bxd7+ Qxd7 8.
Nf5 d5 9. Bg5 dxe4 10. Bxf6 Qxd1+ 11. Kxd1 gxf6 12. fxe4 Rg8 13. g3 Nc6 14. c3
O-O-O 15. Nd2 Ne7 16. Kc2 Nxf5 17. exf5 Bh6 18. Ne4 Bg7 19. Rad1 Kc7 20. b4 b6
21. b5 Bh8 22. Rxd8 Kxd8 23. h3 Ke7 24. Rd1 h5 25. a4 Rc8 26. Kb3 Rg8 27. Rd5
Rd8 28. Rxd8 Kxd8 29. Kc4 Kd7 30. Kd5 Bg7 31. c4 Kc7 32. Nd6 1-0

[Event "Final Mistrzostw Polski Mlodzikow do lat 10 - Chlopcy"]
[Site "Szczyrk"]
[Date "1899-12-30"]
[Round "1.3"]
[White "Seo, Ian"]
[Black "Ochedzan, Filip"]
[Result "0-1"]
[WhiteTitle "II"]
[BlackTitle "II"]
[WhiteElo "1129"]
[BlackElo "1596"]

1. e4 c5 2. Nf3 d6 3. d4 cxd4 4. Nxd4 Nf6 5. Nc3 a6 6. Be2 e5 7. Nf3 Be7 8. Bg5
Be6 9. Bxf6 Bxf6 10. a4 O-O 11. Nd2 Qc7 12. Bg4 Nd7 13. O-O Nb6 14. a5 Nd7 15.
Qe2 Rac8 16. Nb3 Bc4 17. Qd2 Bxf1 18. Rxf1 Rcd8 19. Nd5 Qc4 20. Bxd7 Rxd7 21.
Nb6 Qc6 22. Nxd7 Qxd7 23. Rd1 Be7 24. Qd5 Qc6 25. Kf1 Qxc2 26. Qxb7 Qxd1# 0-1

[Event "Final Mistrzostw Polski Mlodzikow do lat 10 - Chlopcy"]
[Site "Szczyrk"]
[Date "1899-12-30"]
[Round "1.4"]
[White "Wojtacha, Krzysztof"]
[Black "Skupin, Bartosz"]
[Result "1-0"]
[WhiteTitle "I"]
[BlackTitle "II"]
[WhiteElo "1524"]
[BlackElo "1129"]

1. e4 e5 2. Nf3 Nc6 3. Bc4 Nf6 4. d3 Bc5 5. c3 d6 6. Nbd2 O-O 7. Bb3 Bg4 8. Nf1
d5 9. Qe2 dxe4 10. dxe4 Qd6 11. h3 Bh5 12. g4 Bg6 13. Ng3 Rfd8 14. Bc2 Rd7 15.
Nh4 Rad8 16. Nhf5 Bxf5 17. Nxf5 Qf8 18. Bg5 Be7 19. Nxe7+ Qxe7 20. Be3 b6 21.
O-O Na5 22. Rad1 Qe6 23. b3 h5 24. f3 Nh7 25. Rxd7 Rxd7 26. Qg2 Qc6 27. c4 b5
28. cxb5 Qxb5 29. gxh5 Rd6 30. Kh2 Qb4 31. Rg1 g6 32. hxg6 Rxg6 33. Qf2 a6 34.
Rd1 Qe7 35. Qd2 Nc6 36. Rg1 Rxg1 37. Kxg1 Qh4 38. Kh2 Qf6 39. Bd1 Nd4 40. Bxd4
exd4 41. Be2 Ng5 42. a3 Qh6 43. Qxd4 Qxh3+ 44. Kg1 Qg3+ 45. Kf1 Nh3 46. Qe3 Nf4
47. Qf2 Qh3+ 48. Ke1 Qh1+ 49. Kd2 Qh6 50. Kc2 Qc6+ 51. Kb2 Qf6+ 52. Kc2 Qc6+ 53.
Bc4 Kf8 54. Qe3 Ng6 55. Qh6+ Kg8 56. Qg5 Kf8 57. Qf5 Qe8 58. Qc5+ Qe7 59. Qxe7+
Kxe7 60. Bxa6 Ne5 61. Be2 f6 62. Kc3 Kd6 63. b4 Kc6 64. Kd4 Kb6 65. Kd5 c6+ 66.
Ke6 Kb7 67. Kxf6 Nd7+ 68. Ke6 Nf8+ 69. Kf7 Nh7 70. f4 Kb6 71. Kg7 c5 72. bxc5+
Kxc5 73. Kxh7 Kd4 74. f5 Ke5 75. Kg7 Kd6 76. f6 Kc7 77. f7 Kb8 78. f8=Q+ Ka7 79.
Qb4 Ka8 80. Ba6 Ka7 81. Qb7# 1-0

[Event "Final Mistrzostw Polski Mlodzikow do lat 10 - Chlopcy"]
[Site "Szczyrk"]
[Date "1899-12-30"]
[Round "1.5"]
[White "Bieronski, Nikodem"]
[Black "Grobelny, Mikolaj"]
[Result "0-1"]
[WhiteTitle "II"]
[BlackTitle "II+"]
[WhiteElo "1126"]
[BlackElo "1477"]

1. e4 c5 2. d4 cxd4 3. c3 dxc3 4. Nxc3 Nc6 5. Bc4 e6 6. Nf3 a6 7. O-O Nge7 8. Qe2
Ng6 9. Rd1 Be7 10. Be3 b5 11. Bb3 O-O 12. Rac1 Bb7 13. a4 b4 14. Nb1 Rc8 15. Nbd2
Nce5 16. Nxe5 Nxe5 17. f4 Rxc1 18. Rxc1 Nc6 19. Nc4 Na5 20. Bb6 Nxb3 21. Bxd8
Nxc1 22. Qd1 Rxd8 23. Qxc1 Rc8 24. Qf1 Bxe4 25. h3 Bd5 26. Ne5 d6 27. Nd7 Rc2
28. Qxa6 Rxg2+ 29. Kf1 Rc2 30. Qa7 Bc4+ 31. Ke1 Bh4+ 32. Kd1 Bb3 0-1

[Event "Final Mistrzostw Polski Mlodzikow do lat 10 - Chlopcy"]
[Site "Szczyrk"]
[Date "1899-12-30"]
[Round "1.6"]
[White "Suska, Szymon"]
[Black "Kisiel, Dominik"]
[Result "1-0"]
[WhiteTitle "II+"]
[BlackTitle "II"]
[WhiteElo "1416"]
[BlackElo "1114"]

1. e4 c5 2. Nf3 d6 3. d4 cxd4 4. Nxd4 Nf6 5. Nc3 g6 6. Be3 Bg7 7. f3 O-O 8. Qd2
Bd7 9. O-O-O Nc6 10. h4 a6 11. h5 Nxh5 12. Nxc6 Bxc6 13. Bh6 Qb6 14. Rxh5 Bxh6
15. Rxh6 f6 16. Bc4+ Kg7 17. Rxh7+ Kxh7 18. Rh1+ Kg7 19. Qh6# 1-0

[Event "Final Mistrzostw Polski Mlodzikow do lat 10 - Chlopcy"]
[Site "Szczyrk"]
[Date "1899-12-30"]
[Round "1.7"]
[White "Komendecki, Grzegorz"]
[Black "Uhryn, Lukasz"]
[Result "1/2-1/2"]
[WhiteTitle "II"]
[BlackTitle "II"]
[WhiteElo "1113"]
[BlackElo "1413"]

1. e4 c5 2. c4 d6 3. g3 Nf6 4. Bg2 Nc6 5. Nc3 e6 6. Nge2 Be7 7. O-O O-O 8. f4 Bd7
9. d3 a6 10. h3 Nd4 11. e5 Nxe2+ 12. Qxe2 dxe5 13. fxe5 Ne8 14. Bxb7 Ra7 15. Bg2
Bc8 16. Be3 Qc7 17. Bf2 Bb7 18. Bxb7 Rxb7 19. Rad1 g6 20. Rd2 Ng7 21. Ne4 Qxe5
22. Nxc5 Qxe2 23. Rxe2 Bxc5 24. Bxc5 Rfb8 25. Ba3 Nf5 26. Kg2 Rd7 27. g4 Nd4 28.
Rd2 Rbd8 29. Rfd1 Nc6 30. b3 Nd4 31. Bb2 a5 32. Kf2 Kg7 33. Re2 Kh6 34. Bxd4 Rxd4
35. Ke3 Kg5 36. Rf2 f5 37. gxf5 exf5 38. Rf3 f4+ 39. Kd2 Kf5 40. Kc3 h5 41. Re1
g5 42. Re7 g4 43. Rf7+ Kg5 1/2-1/2

[Event "Final Mistrzostw Polski Mlodzikow do lat 10 - Chlopcy"]
[Site "Szczyrk"]
[Date "1899-12-30"]
[Round "1.8"]
[White "Zmarzly, Wiktor"]
[Black "Pawelski, Tomasz"]
[Result "1-0"]
[WhiteTitle "II"]
[BlackTitle "II"]
[WhiteElo "1388"]
[BlackElo "1107"]

1. c4 e5 2. Nc3 f5 3. d3 d6 4. g3 c6 5. Bg2 Be6 6. f4 Nd7 7. Nf3 Be7 8. fxe5 dxe5
9. Be3 h6 10. Nd2 Ngf6 11. Nb3 Ng4 12. Bg1 Bg5 13. h3 Ne3 14. Bxe3 Bxe3 15. Nd2
f4 16. Nf1 Qg5 17. Ne4 Qe7 18. Nxe3 fxe3 19. Qc1 Qb4+ 20. Qc3 Qxc3+ 21. Nxc3 Nc5
22. b4 Nd7 23. Nd1 O-O 24. Nxe3 Nf6 25. g4 Rad8 26. O-O Nh7 27. Rxf8+ Rxf8 28.
a4 Bd7 29. b5 cxb5 30. axb5 a6 31. bxa6 bxa6 32. Rxa6 Re8 33. Ra7 Be6 34. Bd5
Bxd5 35. Nxd5 Ng5 36. h4 Nh3+ 37. Kg2 Nf4+ 38. Nxf4 exf4 39. Kf2 Rc8 40. Ra4 Kf7
41. d4 Ke6 42. Kf3 g5 43. hxg5 hxg5 44. Ke4 Kf6 45. Ra6+ Kf7 46. Kd3 Kg7 47. d5
Kf7 48. Kd4 Re8 49. Re6 1-0

[Event "Final Mistrzostw Polski Mlodzikow do lat 10 - Chlopcy"]
[Site "Szczyrk"]
[Date "1899-12-30"]
[Round "1.9"]
[White "Oles, Mateusz"]
[Black "Lecki, Leonard"]
[Result "0-1"]
[WhiteTitle "III"]
[BlackTitle "II"]
[WhiteElo "1103"]
[BlackElo "1373"]

1. e4 e6 2. d4 d5 3. Nc3 dxe4 4. Nxe4 Bd7 5. Nf3 Bc6 6. Ned2 Nf6 7. Bd3 Be7 8.
O-O O-O 9. Re1 Nbd7 10. b3 Rc8 11. Bb2 Bxf3 12. Nxf3 c5 13. c3 Qc7 14. Rc1 Rfd8
15. Bb1 Nf8 16. Qe2 Ng6 17. Bxg6 hxg6 18. h3 Nd5 19. g3 Bf6 20. Red1 Ne7 21. Kh2
Nf5 22. Ne5 Qe7 23. Nf3 Rc7 24. Ba3 b6 25. Rd3 Qd7 26. Ne5 Bxe5 27. Qxe5 f6 28.
Qf4 cxd4 29. c4 e5 30. Qf3 Re8 31. Qg2 Nd6 32. Bxd6 Qxd6 33. Rcd1 Kf7 34. h4 a6
35. Kg1 b5 36. cxb5 axb5 37. Qf1 Rc2 38. R1d2 Rxd2 39. Rxd2 Qb4 40. Rd1 Ra8 41.
Ra1 Qc3 42. Qb1 Rc8 43. Qd1 d3 44. Kg2 d2 45. Rb1 Qc1 46. Rxc1 dxc1=Q 47. Qd5+
Kf8 48. Qd6+ Kg8 0-1

[Event "Final Mistrzostw Polski Mlodzikow do lat 10 - Chlopcy"]
[Site "Szczyrk"]
[Date "1899-12-30"]
[Round "1.10"]
[White "Kaszuba, Michal"]
[Black "Lassak, Franciszek"]
[Result "1-0"]
[WhiteTitle "II"]
[BlackTitle "II"]
[WhiteElo "1370"]
[BlackElo "1101"]

1. e4 c5 2. f4 Nc6 3. Nf3 d6 4. Bb5 Bg4 5. O-O Nf6 6. d3 e6 7. c3 Be7 8. h3 Bxf3
9. Qxf3 O-O 10. Bxc6 bxc6 11. Na3 d5 12. e5 Nd7 13. Nc2 Nb6 14. f5 Qc7 15. d4
cxd4 16. cxd4 c5 17. f6 gxf6 18. exf6 Kh8 19. fxe7 Qxe7 20. dxc5 Qxc5+ 21. Be3
Qxc2 22. Qf6+ Kg8 23. Bd4 e5 24. Bxe5 Qc5+ 25. Kh1 Qg1+ 26. Rxg1 Nd7 27. Qh8#
1-0

[Event "Final Mistrzostw Polski Mlodzikow do lat 10 - Chlopcy"]
[Site "Szczyrk"]
[Date "1899-12-30"]
[Round "1.11"]
[White "Kawa, Wojciech"]
[Black "Chomicki, Kornel"]
[Result "0-1"]
[WhiteTitle "III"]
[BlackTitle "II"]
[WhiteElo "1101"]
[BlackElo "1320"]

1. e4 e5 2. Nf3 Nc6 3. Bc4 Bc5 4. c3 Nf6 5. d4 exd4 6. cxd4 Bb4+ 7. Bd2 Bxd2+ 8.
Nbxd2 d5 9. exd5 Nxd5 10. Qb3 Nce7 11. O-O O-O 12. Rfe1 c6 13. a4 h6 14. Rad1
Qc7 15. Ne4 Nb6 16. Ne5 Nxc4 17. Qxc4 Be6 18. Qc2 Rfe8 19. Nc3 Nd5 20. Nxd5 Bxd5
21. b4 Qd6 22. Qc5 Qxc5 23. dxc5 Re7 24. Nd3 Rae8 25. f3 Bb3 26. Rxe7 Rxe7 27.
Ra1 Kf8 28. a5 Rd7 29. Ne5 Rd5 30. Ng4 Rd4 31. b5 cxb5 32. a6 Rd7 33. Ne5 Rc7
34. axb7 Rxb7 35. c6 Rc7 36. Rb1 Bc4 37. Nxc4 bxc4 38. Rb7 Rxc6 39. Rxa7 g6 40.
Kf2 Kg7 41. Ke3 Rb6 42. Rc7 Rb2 43. Rxc4 Rxg2 44. Rh4 g5 45. Rh3 Ra2 46. Ke4 Kg6
47. f4 Ra4+ 48. Ke3 Rxf4 49. Rg3 Ra4 50. h3 f5 51. Ke2 Ra2+ 52. Ke1 h5 53. Rf3
g4 54. Rf2 Rxf2 55. Kxf2 Kg5 56. hxg4 fxg4 57. Kg2 Kf4 58. Kf2 h4 59. Kg2 h3+
60. Kh2 Kf3 61. Kg1 g3 62. Kh1 g2+ 63. Kg1 Ke2 64. Kh2 Kf2 65. Kxh3 g1=Q 66. Kh4
Qg6 67. Kh3 Qh5# 0-1

[Event "Final Mistrzostw Polski Mlodzikow do lat 10 - Chlopcy"]
[Site "Szczyrk"]
[Date "1899-12-30"]
[Round "1.12"]
[White "Oglaza, Dawid"]
[Black "Mioduszewski, Szymon"]
[Result "1-0"]
[WhiteTitle "II"]
[BlackTitle "III"]
[WhiteElo "1320"]
[BlackElo "1100"]

1. e4 c5 2. Nf3 e6 3. d4 cxd4 4. Nxd4 a6 5. Bd3 b5 6. Be3 Bb7 7. O-O d6 8. c4 bxc4
9. Qa4+ Qd7 10. Qxc4 Bxe4 11. Bxe4 d5 12. Bxd5 exd5 13. Qd3 Be7 14. Nc3 Nf6 15.
Rad1 O-O 16. Nf5 Rd8 17. Nxd5 Nc6 18. Nxf6+ Bxf6 19. Qxd7 Rxd7 20. Rxd7 Bxb2 21.
Ne7+ Nxe7 22. Rxe7 Ba3 23. Ra7 1-0

[Event "Final Mistrzostw Polski Mlodzikow do lat 10 - Chlopcy"]
[Site "Szczyrk"]
[Date "1899-12-30"]
[Round "1.13"]
[White "Jasiulewicz, Kamil"]
[Black "Niesyt, Michal"]
[Result "1-0"]
[WhiteTitle "II"]
[BlackTitle "II+"]
[WhiteElo "1089"]
[BlackElo "1319"]

1. d4 Nf6 2. c4 g6 3. Nf3 Bg7 4. e3 O-O 5. Nbd2 d6 6. Be2 Nbd7 7. a3 e5 8. d5 a5
9. e4 Nc5 10. Qc2 a4 11. O-O Nh5 12. b4 axb3 13. Nxb3 Nxb3 14. Qxb3 Nf4 15. Bxf4
exf4 16. Ra2 g5 17. g3 Bh3 18. Rc1 g4 19. Nh4 f3 20. Bd3 b6 21. Qc2 Be5 22. Qd2
Qf6 23. Nf5 h5 24. Qh6 Qxh6 25. Nxh6+ Kh7 26. Nf5 Ra7 27. a4 Rfa8 28. Bc2 Ra5
29. Bb3 Bf6 30. Rcc2 Re8 31. Rc1 Kg8 32. Bc2 Rc5 33. Bd3 Ra8 34. Ne3 b5 35. Rb1
bxa4 36. Ra3 Rca5 37. Bc2 Bd4 38. Nf5 Bf6 39. Nh6+ Kg7 40. Nf5+ Kg8 41. Rb5 R5a7
42. Ne3 Bd4 43. Nf5 Bc5 44. Ra2 a3 45. Ne7+ Kg7 46. Nc6 Ra6 47. e5 dxe5 48. Rxc5
Re8 49. Ra5 Rxa5 50. Nxa5 Ra8 51. Rxa3 Kf6 52. Ra4 Re8 53. Nc6 e4 54. Ra3 Kg5
55. c5 Rd8 56. Nxd8 f5 57. d6 cxd6 58. cxd6 h4 59. Nf7+ Kf6 60. Nh6 f4 61. Nxg4+
Bxg4 62. Bxe4 fxg3 63. fxg3 hxg3 64. hxg3 Ke6 65. Bxf3 Bxf3 66. Rxf3 Kxd6 67.
g4 Ke5 68. g5 Ke4 69. Kg2 Ke5 70. g6 Ke6 71. g7 Ke7 72. g8=Q Kd7 73. Qd5+ Kc7
74. Rc3+ Kb6 75. Qb3+ Ka6 76. Rc1 Ka5 77. Ra1# 1-0

[Event "Final Mistrzostw Polski Mlodzikow do lat 10 - Chlopcy"]
[Site "Szczyrk"]
[Date "1899-12-30"]
[Round "1.14"]
[White "Jagodzinski, Jaromir"]
[Black "Kopaczewski, Mateusz"]
[Result "1-0"]
[WhiteTitle "II"]
[BlackTitle "II"]
[WhiteElo "1292"]
[BlackElo "1086"]

1. e4 e5 2. Nf3 Nc6 3. d4 exd4 4. Bc4 d3 5. Qxd3 d6 6. Qb3 Qf6 7. Bg5 Qg6 8. O-O
Na5 9. Qa4+ Nc6 10. Nbd2 h6 11. Bf4 Bh3 12. Nh4 Qg4 13. Bg3 Qg5 14. Ndf3 Qh5 15.
Nd4 Bd7 16. Bb5 Nge7 17. Nhf5 Nxf5 18. exf5 Be7 19. Nxc6 bxc6 20. Bxc6 Rd8 21.
Bxd7+ Rxd7 22. Rfe1 Qxf5 23. Qxa7 O-O 24. Rxe7 Rxe7 25. Bxd6 Rfe8 26. Bxe7 Rxe7
27. Qd4 Rd7 28. Qe3 Kh7 29. c3 Qc2 30. Re1 Rd1 31. h3 Rxe1+ 32. Qxe1 Qxb2 33.
Qe4+ g6 34. Qc4 Qc1+ 35. Kh2 Qd2 36. Qxf7+ Kh8 37. Qf6+ Kh7 38. Qe7+ Kg8 39. Qxc7
Qxf2 40. Qd8+ Kg7 41. Qd4+ Qxd4 42. cxd4 Kf6 43. a4 Ke6 44. a5 Kd6 45. a6 Kc6
46. d5+ Kb6 47. d6 Kc6 48. a7 Kb7 49. d7 1-0

[Event "Final Mistrzostw Polski Mlodzikow do lat 10 - Chlopcy"]
[Site "Szczyrk"]
[Date "1899-12-30"]
[Round "1.15"]
[White "Zielen, Stanislaw"]
[Black "Klim, Juliusz"]
[Result "0-1"]
[WhiteTitle "II"]
[BlackTitle "II"]
[WhiteElo "1075"]
[BlackElo "1276"]

1. e4 e5 2. Nf3 Nc6 3. Bc4 Bc5 4. O-O Nf6 5. d3 d6 6. h3 a6 7. c3 h6 8. Be3 Bxe3
9. fxe3 O-O 10. Nbd2 Na5 11. Qe2 Nxc4 12. Nxc4 Be6 13. Ncd2 b5 14. b3 a5 15. d4
exd4 16. exd4 c6 17. e5 dxe5 18. Nxe5 Nd5 19. c4 Nc3 20. Qd3 Qxd4+ 21. Qxd4 Ne2+
22. Kh2 Nxd4 23. Rf4 Rfd8 24. Ne4 bxc4 25. Nxc4 Bxc4 26. bxc4 Ne6 27. Rf2 Rd4
28. Nd2 a4 29. Rc1 Nc5 30. Nf3 Rd6 31. Rb1 Re8 32. Rbf1 f6 33. Re1 Rxe1 34. Nxe1
Kf7 35. Rf5 Nb7 36. Rf2 Rd4 37. Nf3 Rf4 38. g3 Rf5 39. g4 Rf4 40. Kg3 g5 41. Rc2
c5 42. Nd2 Nd6 43. Rc3 Rd4 44. Rc2 Rxd2 0-1

[Event "Final Mistrzostw Polski Mlodzikow do lat 10 - Chlopcy"]
[Site "Szczyrk"]
[Date "1899-12-30"]
[Round "1.16"]
[White "Balis, Sebastian"]
[Black "Klask, Franciszek"]
[Result "1-0"]
[WhiteTitle "II"]
[BlackTitle "II"]
[WhiteElo "1275"]
[BlackElo "1061"]

1. e4 c6 2. d4 d5 3. exd5 cxd5 4. Bd3 Nf6 5. c3 Bg4 6. Qb3 Qb6 7. Qxb6 axb6 8.
Bf4 e6 9. Nd2 Be7 10. Ngf3 O-O 11. O-O Nc6 12. Rfe1 Rac8 13. Ne5 Rfd8 14. Ndf3
Bh5 15. h3 Bd6 16. g4 Bg6 17. Nxg6 hxg6 18. Ne5 Nd7 19. Bg3 Bxe5 20. dxe5 Nc5
21. Bc2 d4 22. Red1 d3 23. Bb1 Ra8 24. a3 Nb3 25. Ra2 Rd7 26. a4 Nca5 27. Bf4
Rad8 28. Bg5 Rf8 29. Rxd3 Rxd3 30. Bxd3 f6 31. exf6 gxf6 32. Be3 Nc6 33. Bc4 Nba5
34. Bxe6+ Kg7 35. b4 Re8 36. Bd5 Ne7 37. Be6 Nec6 38. Bd7 Rd8 39. Bxc6 Rd1+ 40.
Kg2 Nxc6 41. Bxb6 Rd3 42. Rc2 Ne5 43. c4 Nf3 44. Re2 Nh4+ 45. Kh2 Nf3+ 46. Kh1
Rd1+ 47. Kg2 Nh4+ 48. Kh2 Nf3+ 49. Kg3 Rd3 50. Re3 Ne1 51. Rxd3 Nxd3 52. b5 Nb2
53. c5 Nxa4 54. Ba7 1-0

[Event "Final Mistrzostw Polski Mlodzikow do lat 10 - Chlopcy"]
[Site "Szczyrk"]
[Date "1899-12-30"]
[Round "1.17"]
[White "Adamala, Tomasz"]
[Black "Kozak, Karol"]
[Result "1/2-1/2"]
[WhiteTitle "II"]
[BlackTitle "II"]
[WhiteElo "1049"]
[BlackElo "1271"]

1. e4 c5 2. Nf3 d6 3. d4 cxd4 4. Nxd4 Nf6 5. f3 a6 6. c4 e5 7. Nb3 Be6 8. Nc3 Be7
9. Be3 O-O 10. Be2 Nbd7 11. O-O Rc8 12. Nd5 Bxd5 13. cxd5 Re8 14. Qd2 Nf8 15.
g3 Ng6 16. Rac1 Qd7 17. Kg2 Qa4 18. Qa5 Qd7 19. Rxc8 Rxc8 20. Rc1 h6 21. Qd2 Bd8
22. Rxc8 Qxc8 23. Qc1 Qd7 24. Nd2 h5 25. h4 Ne7 26. Qc3 Ne8 27. Nc4 f5 28. Nb6
Bxb6 29. Bxb6 fxe4 30. fxe4 Nf6 31. Qc2 g6 32. b3 Qc8 33. Bd3 Qg4 34. Bd8 Kf8
35. Qc7 Qd7 36. Qxd7 1/2-1/2

[Event "Final Mistrzostw Polski Mlodzikow do lat 10 - Chlopcy"]
[Site "Szczyrk"]
[Date "1899-12-30"]
[Round "1.18"]
[White "Krogulski, Maksymilian"]
[Black "Ziobrowski, Wojciech"]
[Result "0-1"]
[WhiteTitle "II"]
[BlackTitle "II"]
[WhiteElo "1250"]
[BlackElo "1048"]

1. e4 e5 2. Nf3 Nc6 3. d4 exd4 4. Nxd4 Bc5 5. Nxc6 bxc6 6. Bd3 Ne7 7. O-O O-O 8.
Bg5 d5 9. Qf3 f6 10. Bh4 Ng6 11. Bg3 Bd4 12. c3 Be5 13. exd5 Bxg3 14. Bxg6 Bxh2+
15. Kxh2 hxg6 16. dxc6 Rb8 17. Rd1 Qe7 18. b4 Qe5+ 19. Qg3 Qh5+ 20. Kg1 Qxd1+
21. Kh2 Rb5 22. Qxg6 Rh5+ 23. Kg3 Rg5+ 24. Qxg5 fxg5 25. f3 Rxf3+ 26. gxf3 Qg1#
0-1

[Event "Final Mistrzostw Polski Mlodzikow do lat 10 - Chlopcy"]
[Site "Szczyrk"]
[Date "1899-12-30"]
[Round "1.19"]
[White "Kostrzewski, Dawid"]
[Black "Futyma, Dawid"]
[Result "0-1"]
[WhiteTitle "III"]
[BlackTitle "II+"]
[WhiteElo "1032"]
[BlackElo "1245"]

1. e4 c6 2. d4 d5 3. Nc3 dxe4 4. Nxe4 Nf6 5. Nxf6+ exf6 6. c3 Bd6 7. Bd3 O-O 8.
Ne2 Qc7 9. Qc2 h6 10. h3 Re8 11. c4 Bf4 12. Bxf4 Qxf4 13. O-O Qg5 14. Kh2 Na6
15. a3 f5 16. Rfe1 f4 17. f3 Bd7 18. b4 Rac8 19. Rac1 Re3 20. Nc3 Qg3+ 21. Kh1
Rxe1+ 22. Rxe1 Qxe1+ 23. Kh2 Qg3+ 24. Kh1 Bxh3 25. gxh3 Qxh3+ 26. Kg1 Qg3+ 27.
Kf1 Qxf3+ 28. Kg1 Re8 29. Be4 Qg3+ 30. Kf1 f5 31. Ne2 Qe3 32. Bd3 f3 33. Qd1 Qxe2+
34. Bxe2 fxe2+ 35. Qxe2 Rxe2 36. Kxe2 g5 37. b5 cxb5 38. d5 bxc4 39. d6 Kf7 40.
d7 Ke7 41. d8=Q+ Kxd8 42. a4 h5 43. a5 h4 44. Ke1 h3 45. Kf1 c3 46. Ke1 h2 47.
Kf2 h1=Q 48. Ke2 c2 49. Kd3 c1=Q 50. Kd4 Qc5+ 51. Kd3 Qh3+ 52. Kd2 Qf2+ 53. Kc1
Qh1# 0-1

[Event "Final Mistrzostw Polski Mlodzikow do lat 10 - Chlopcy"]
[Site "Szczyrk"]
[Date "1899-12-30"]
[Round "1.20"]
[White "Michalik, Stanislaw"]
[Black "Przybys, Bruno"]
[Result "0-1"]
[WhiteTitle "II"]
[BlackTitle "III"]
[WhiteElo "1226"]
[BlackElo "1021"]

1. d4 Nf6 2. c4 Nc6 3. Nc3 d5 4. e3 Bf5 5. Nf3 e6 6. c5 a6 7. a3 Be7 8. b4 Na7
9. a4 c6 10. Rb1 Bxb1 11. Nxb1 O-O 12. Ne5 Nd7 13. Nf3 Qc7 14. Bd3 f5 15. Qc2
Rac8 16. h4 Rfe8 17. Ng5 Bf6 18. g4 h6 19. Nf3 fxg4 20. Bh7+ Kh8 21. Nh2 g3 22.
Ng4 gxf2+ 23. Kxf2 Rf8 24. Ke2 Qg3 25. Qg6 Qg2+ 26. Nf2 Qxg6 27. Bxg6 e5 28. Bf5
Rcd8 29. Nd3 exd4 30. exd4 Bxd4 31. Bg4 Nf6 32. Bf5 Nh5 33. Rd1 Rxf5 34. Nd2 Re8+
35. Ne4 Rxe4+ 36. Kd2 Ng3 37. Rg1 Bxg1 38. Nf2 Re2+ 39. Kc3 Bxf2 40. Bf4 Rxf4
41. b5 a5 42. b6 Rf3# 0-1

[Event "Final Mistrzostw Polski Mlodzikow do lat 10 - Chlopcy"]
[Site "Szczyrk"]
[Date "1899-12-30"]
[Round "1.21"]
[White "Krawczyk, Eryk"]
[Black "Obrycki, Tomasz"]
[Result "1/2-1/2"]
[WhiteTitle "III"]
[BlackTitle "II"]
[WhiteElo "1020"]
[BlackElo "1223"]

1. d4 Nf6 2. c4 g6 3. Nc3 Bg7 4. e4 d6 5. Nf3 Bg4 6. Be2 Nbd7 7. O-O O-O 8. h3
Bxf3 9. Bxf3 e5 10. d5 Nb6 11. b3 Qd7 12. Bg5 h6 13. Bxf6 Bxf6 14. Qd2 Bg5 15.
Qd3 Qe7 16. b4 f5 17. a4 a6 18. a5 Nd7 19. b5 Nc5 20. Qc2 f4 21. Na4 axb5 22.
Nxc5 dxc5 23. cxb5 Qd6 24. Bg4 Kh7 25. Rfc1 Be7 26. Qc4 Ra7 27. Be6 Rfa8 28. Qc3
Bf8 29. f3 Be7 30. Kh1 Kg7 31. Kg1 Bf8 1/2-1/2

[Event "Final Mistrzostw Polski Mlodzikow do lat 10 - Chlopcy"]
[Site "Szczyrk"]
[Date "1899-12-30"]
[Round "1.22"]
[White "Butkiewicz, Jan"]
[Black "Boryna, Szymon"]
[Result "1-0"]
[WhiteTitle "II"]
[BlackTitle "II"]
[WhiteElo "1203"]
[BlackElo "1008"]

1. d4 d5 2. Bf4 Nf6 3. Nc3 Bd7 4. e3 e6 5. Nf3 Bb4 6. a3 Ba5 7. b4 Bb6 8. Bd3 O-O
9. O-O a6 10. Bg5 Nc6 11. Ne5 Bc8 12. Ng4 Kh8 13. Nxf6 gxf6 14. Qh5 f5 15. Bxd8
Rxd8 16. f4 Rg8 17. Rf3 Rg7 18. Rg3 Ne7 19. Rxg7 Kxg7 20. g4 Ng6 21. gxf5 exf5
22. Bxf5 Bxf5 23. Qxf5 Rg8 24. Nxd5 c6 25. Nxb6 Kh6 26. Qg5+ Kg7 27. f5 Kh8 28.
fxg6 Rxg6 29. Qxg6 fxg6 30. e4 Kg7 31. e5 Kf7 32. Re1 Ke8 33. e6 Ke7 34. d5 cxd5
35. Nxd5+ Ke8 36. e7 h5 37. Nf6+ Kf7 38. e8=Q+ Kxf6 39. Rf1+ Kg7 40. Qf8+ Kh7
41. Rf7# 1-0

[Event "Final Mistrzostw Polski Mlodzikow do lat 10 - Chlopcy"]
[Site "Szczyrk"]
[Date "1899-12-30"]
[Round "1.23"]
[White "Tim, Wojciech"]
[Black "Pycinski, Wladyslaw"]
[Result "0-1"]
[WhiteTitle "II"]
[BlackTitle "II"]
[WhiteElo "1004"]
[BlackElo "1194"]

1. e4 e6 2. d4 d5 3. Nd2 c5 4. exd5 Qxd5 5. dxc5 Bxc5 6. Ngf3 Nf6 7. Bc4 Qd8 8.
O-O O-O 9. Qe2 Nbd7 10. Rd1 a6 11. c3 b5 12. Bb3 Bb7 13. Bc2 Qc7 14. Nb3 Ba7 15.
Be3 Bb8 16. g3 Ne5 17. Nxe5 Qxe5 18. Nd4 Qd5 19. f3 Qh5 20. g4 Qh3 21. Qg2 Qxg2+
22. Kxg2 Nxg4 23. Bg1 Ne5 24. Re1 Ng6 25. Bxg6 hxg6 26. Rad1 Bc7 27. Nb3 Rad8
28. Nc5 Bc8 29. Be3 Rxd1 30. Rxd1 Rd8 31. Rf1 Bd6 32. Rd1 Be7 33. Rxd8+ Bxd8 34.
Ne4 Bc7 35. Bg1 f6 36. Kf1 Kf7 37. Ke2 g5 38. Kf2 e5 39. Kg2 g4 40. fxg4 Bxg4
41. Nc5 Bc8 42. Nd3 Bb7+ 43. Kf1 Bd5 44. Nb4 Bc4+ 45. Kg2 a5 46. Na6 Bd6 47. b3
Bd5+ 48. Kf1 e4 49. Nc5 f5 50. Nd7 f4 51. Nb6 Be6 52. c4 bxc4 53. Nxc4 Bxc4+ 54.
bxc4 e3 55. Ke2 g5 56. h3 Ke6 57. Bxe3 fxe3 58. Kxe3 Ke5 59. a4 Bc5+ 60. Kf3 Kd4
61. Kg4 Kxc4 62. Kxg5 Be3+ 63. Kg4 Kb4 64. h4 Kxa4 65. h5 Kb3 0-1

[Event "Final Mistrzostw Polski Mlodzikow do lat 10 - Chlopcy"]
[Site "Szczyrk"]
[Date "1899-12-30"]
[Round "2.1"]
[White "Butkiewicz, Jan"]
[Black "Karaszewski, Gabriel"]
[Result "1-0"]
[WhiteTitle "II"]
[BlackTitle "II"]
[WhiteElo "1203"]
[BlackElo "1614"]

1. Nf3 c5 2. d4 cxd4 3. Nxd4 Nc6 4. Nxc6 bxc6 5. Bf4 Nf6 6. e3 d6 7. Nd2 Bf5 8.
Bd3 Bxd3 9. cxd3 e5 10. Bg5 Be7 11. Rc1 Nd5 12. Bxe7 Nxe7 13. O-O d5 14. f4 Qb6
15. Kh1 Qxb2 16. Qc2 Rb8 17. Qxb2 Rxb2 18. Rb1 Rxb1 19. Rxb1 O-O 20. Rb7 Re8 21.
fxe5 Nf5 22. Rxa7 Nxe3 23. a4 f6 24. a5 Rxe5 25. h3 d4 26. Nb3 Nc2 27. a6 Na1
28. Ra8+ Kf7 29. a7 Nxb3 30. Rf8+ Kxf8 31. a8=Q+ Kf7 32. Qb7+ Kg6 33. Qxb3 Re3
34. Qc4 Re1+ 35. Kh2 Rd1 36. Qxd4 Rb1 37. Qe4+ Kh6 38. Qxc6 Rd1 39. Qc2 Ra1 40.
d4 Ra8 41. d5 Rd8 42. Qc6 Kg6 43. d6 h5 44. d7 h4 45. Qc7 Rxd7 46. Qxd7 Kh6 47.
Qf5 g5 48. Qxf6+ Kh5 49. g4# hxg3+ 50. Kxg3 g4 51. hxg4# 1-0